| 000 | 00607nam a2200205Ia 4500 | ||
|---|---|---|---|
| 005 | 20250508165434.0 | ||
| 008 | 008 250505s9999 xx 000 0 eng d | ||
| 020 | _a978-93-81991-22-0 | ||
| 037 | _aTextual | ||
| 040 |
_aFEDL _beng _cFEDL |
||
| 041 |
_aeng _2eng |
||
| 084 |
_a371.4, SOL _qFEDL |
||
| 100 |
_aSolanki Amalendu _9780847 |
||
| 245 | 0 | _aCareer information in career guidance and counselling | |
| 260 |
_aNew Delhi, India _bAstha Publishers and Distributors _c2014 |
||
| 300 | _aviii, 272p. | ||
| 365 |
_aINR _b995 |
||
| 942 |
_cTEXL _h371.4, SOL |
||
| 999 |
_c1395093 _d1395093 |
||